000 00639nam a2200241 i 4500
001 C2-0245546
003 PPAK
005 20180727210506.0
008 030312s2002 my |||| ||||| | may d
020 _a9838472875
040 _aPPAK
_beng
_cPPAK
_erda
082 0 4 _a499.23
_223
090 0 0 _a499.23
_bKAM
_dRK
245 0 0 _aKamus lengkap kata ganda untuk KBSR
250 _aEdisi baru
264 1 _aKuala Lumpur :
_bBuku Must ,
_c2002
300 _a86 pages ;
_c22 cm
336 _2rdacontent
_atext
337 _2rdamedia
_aunmediated
338 _2rdacarrier
_avolume
650 1 0 _aMalay language - Dictionaries
942 _ddc
_cB
999 _c59572
_d59572